00225nam a2200097Ia 4500008004100000100000900041245002800050260002500078942000700103999001700110190216s9999||||xx |||||||||||||| ||und|| aNull 0aHindi-Kahani Aur Kahani bNew Light Publishers cBK c17639d17639